| 000 | 00408nam a2200133Ia 4500 | ||
|---|---|---|---|
| 008 | 180921t xxu||||| ||||o00| 0 eng d | ||
| 041 | _aeng | ||
| 245 | _aordinance : No.3 of 1893.An ordinance To Amend "The Joint Stock Companies ordinance,1861 And 1888." | ||
| 300 | _ap.327-330, 23 cm | ||
| 650 |
_aOrdinance _aJoint Stock Companies |
||
| 942 | _cBK | ||
| 999 |
_c49243 _d49243 |
||
| 003 | LK-CoDNM | ||
| 040 |
_aLK-CoDNM _dLK-CoDNM _eLK-CoDNM |
||